|
|
|
|
| LEADER |
01414nam a22002897a 4500 |
| 001 |
38243 |
| 003 |
BD-DhAAL |
| 005 |
20220327155516.0 |
| 008 |
220327t2003 bg ||||| |||| 00| 0 ben d |
| 999 |
|
|
|c 43899
|d 43899
|
| 020 |
|
|
|a 9844101751
|
| 040 |
|
|
|a BD-DhAAL
|
| 041 |
|
|
|a BEN
|
| 082 |
|
|
|a 320.95492
|
| 100 |
|
|
|a চৌধুরী, মইনুল হোসেন
|9 47478
|
| 245 |
|
|
|a এক জেনারেলের নীরব সাক্ষ্য :
|b স্বাধীনতার প্রথম দশক /
|c মইনুল হোসেন চৌধুরী
|
| 246 |
|
|
|a Ek jeneral ernirob sakkhya :
|b shadhinotar prothom doshok
|
| 260 |
|
|
|a ঢাকা :
|b মাওলা ব্রাদার্স,
|c ২০০৩
|
| 300 |
|
|
|a ১৭৬ পৃষ্ঠা ;
|c ২৩ সে.মি.
|
| 520 |
|
|
|a Memoirs of an army officer and later an ambassador of Bangladesh, about political developments in Bangladesh, 1971 to 1981.
|
| 541 |
|
|
|a Donated by Akbar Ali Khan
|e 38243
|
| 600 |
|
|
|c Chowdhury, Moinul Hossion, 1943-
|9 47479
|
| 650 |
|
|
|a Politics and government
|9 47480
|
| 651 |
|
|
|a Bangladesh
|x Politics and government
|y 1971
|9 47481
|
| 852 |
|
|
|a Ayesha Abed Library
|c Akbar Ali Khan Collection
|
| 942 |
|
|
|2 ddc
|c BK
|
| 952 |
|
|
|0 0
|1 0
|2 ddc
|4 0
|6 320_954920000000000_CHO
|7 1
|9 70295
|a BRACUL
|b BRACUL
|c CS1
|d 2022-03-27
|e Donated by Akbar Ali Khan
|l 0
|o 320.95492 CHO
|p 3010038243
|r 2022-03-27
|t 1
|w 2022-03-27
|y BK
|